LDR 00764naa#a2200169#i#450# 001 EN\INFRA-M\bibl\114917 005 20260514085208.4 011 ## _a1998-0701 100 ## _a20260430b2026####ek#y0engy0150####ca 102 ## _aRU 200 1# _aMethodological aspects of accounting for transactions under barter agreements in the current context of sanctions pressure _eJournal article 210 1# _aMoscow _cINFRA-M Academic Publishing LLC. _d2026 215 ## _a8 с. 608 ## _aJournal article _2local 675 ## _aОткрытие, ведение, закрытие и возобновление бухгалтерского учета. 657.22 _aПроверка отчетности. Аудит. Ревизия. 657.6 _z 700 #1 _aBegisheva _gNadezhda Aleksandrovna 856 4# _anaukaru.ru _u